[Event "UK Armed Forces-ch"]
[Site "Wittering"]
[Date "2023.04.17"]
[Round "7"]
[White "Thurlow, Kevin J"]
[Black "Onley, David E"]
[Result "1/2-1/2"]
[WhiteElo "2009"]
[BlackElo "2174"]
[PlyCount "44"]
[EventDate "2023.04.14"]
[EventType "swiss"]
[EventRounds "7"]
[EventCountry "ENG"]
[SourceTitle "EXT 2024"]
[Source "ChessBase"]
[SourceDate "2023.10.10"]
[SourceVersion "1"]
[SourceVersionDate "2023.10.10"]
[SourceQuality "1"]

1. c4 f5 2. d4 Nf6 3. Nc3 e6 4. g3 Be7 5. Bg2 0-0 6. e3 d6 7. Nge2 Qe8 8. 0-0 e5 9. b3 Nc6 10. d5 Nd8 11. a4 Nf7 12. f4 h5 13. e4 fxe4 14. Nxe4 Nxe4 15. Bxe4 Bf6 16. f5 Ng5 17. Bxg5 Bxg5 18. Qd3 Rf6 19. h4 Bh6 20. Kg2 Qf7 21. Ng1 Bd7 22. Rf3 Rf8 1/2-1/2

[Event "UK Armed Forces-ch"]
[Site "Wittering"]
[Date "2023.04.15"]
[Round "4"]
[White "Barnes, David JR"]
[Black "Thurlow, Kevin J"]
[Result "0-1"]
[WhiteElo "1789"]
[BlackElo "2009"]
[PlyCount "74"]
[EventDate "2023.04.14"]
[EventType "swiss"]
[EventRounds "7"]
[EventCountry "ENG"]
[SourceTitle "EXT 2024"]
[Source "ChessBase"]
[SourceDate "2023.10.10"]
[SourceVersion "1"]
[SourceVersionDate "2023.10.10"]
[SourceQuality "1"]

1. e4 Nc6 2. Nf3 g6 3. d4 d5 4. e5 Bg4 5. c3 Bg7 6. Be2 e6 7. Bg5 Qd7 8. Nbd2 f6 9. exf6 Nxf6 10. Bb5 0-0 11. Qa4 Bxf3 12. Nxf3 Ne4 13. Be3 a6 14. Bd3 Nd6 15. 0-0 Nf5 16. Bg5 Qf7 17. Rae1 h6 18. Bc1 b5 19. Qc2 Rae8 20. g4 Nfe7 21. Nh4 g5 22. Ng6 Bxd4 23. cxd4 Nxd4 24. Ne5 Nxc2 25. Nxf7 Nxe1 26. Nxh6+ Kg7 27. Rxe1 Nc6 28. Bxg5 Nd4 29. Be2 Rh8 30. Be3 Nc2 31. Rc1 Nxe3 32. Rxc7+ Kxh6 33. fxe3 Kg5 34. Kg2 Rc8 35. Rf7 Rc2 36. Rf2 Rxb2 37. Kg3 Rxa2 0-1

[Event "UK Armed Forces-ch"]
[Site "Wittering"]
[Date "2023.04.15"]
[Round "3"]
[White "Thurlow, Kevin J"]
[Black "O'Byrne, Danny"]
[Result "1/2-1/2"]
[WhiteElo "2009"]
[BlackElo "1682"]
[PlyCount "51"]
[EventDate "2023.04.14"]
[EventType "swiss"]
[EventRounds "7"]
[EventCountry "ENG"]
[SourceTitle "EXT 2024"]
[Source "ChessBase"]
[SourceDate "2023.10.10"]
[SourceVersion "1"]
[SourceVersionDate "2023.10.10"]
[SourceQuality "1"]

1. c4 c5 2. Nc3 Nc6 3. Nf3 Nf6 4. d4 cxd4 5. Nxd4 Nxd4 6. Qxd4 g6 7. e4 d6 8. Bg5 Bg7 9. Nd5 0-0 10. Bxf6 exf6 11. Qd2 f5 12. exf5 Bxf5 13. Be2 Be4 14. 0-0 Bxd5 15. Qxd5 Qb6 16. Rab1 Rab8 17. b3 Qc5 18. Rbd1 Rfd8 19. Kh1 b6 20. f4 Qxd5 21. Rxd5 f5 22. Bf3 Rbc8 23. Rfd1 Bf8 24. R5d3 Kg7 25. Bd5 Re8 26. Kg1 1/2-1/2

[Event "Guernsey op 46th"]
[Site "St James"]
[Date "2022.10.18"]
[Round "3"]
[White "Van Hoek, Wilhelmus J"]
[Black "Thurlow, Kevin J"]
[Result "0-1"]
[WhiteElo "1843"]
[BlackElo "2019"]
[PlyCount "48"]
[EventDate "2022.10.16"]
[EventType "swiss"]
[EventRounds "7"]
[EventCountry "GCI"]
[SourceTitle "EXT 2024"]
[Source "ChessBase"]
[SourceDate "2023.10.10"]
[SourceVersion "1"]
[SourceVersionDate "2023.10.10"]
[SourceQuality "1"]

1. e4 c5 2. Nf3 e6 3. c3 Nc6 4. d4 d5 5. e5 Bd7 6. Be2 cxd4 7. cxd4 Bb4+ 8. Nc3 Nge7 9. Bg5 h6 10. Bxe7 Bxe7 11. 0-0 a6 12. a3 b5 13. b4 Qb6 14. Qd2 f5 15. exf6 Bxf6 16. Ne5 Nxe5 17. dxe5 Bxe5 18. Bh5+ Ke7 19. Nxd5+ exd5 20. Qxd5 Qe6 21. Qxe6+ Bxe6 22. Rae1 Kf6 23. f4 Bd4+ 24. Kh1 Bf7 0-1

[Event "Guernsey op 45th"]
[Site "Vale"]
[Date "2019.10.23"]
[Round "4"]
[White "Thurlow, Kevin J"]
[Black "Kwossek, Georg"]
[Result "1/2-1/2"]
[WhiteElo "2021"]
[BlackElo "1984"]
[PlyCount "34"]
[EventDate "2019.10.20"]
[EventType "swiss"]
[EventRounds "7"]
[EventCountry "GCI"]
[SourceTitle "CBM 192 Extra"]
[Source "Chessbase"]
[SourceDate "2019.11.06"]
[SourceVersion "1"]
[SourceVersionDate "2019.11.06"]
[SourceQuality "1"]

1. c4 f5 2. d4 Nf6 3. Nc3 g6 4. g3 Bg7 5. Bg2 0-0 6. e3 d6 7. Nge2 Qe8 8. b3 a5 9. Bb2 Na6 10. a3 Rb8 11. h4 e5 12. 0-0 h6 13. dxe5 dxe5 14. Nd5 Nd7 15. Ndc3 Nf6 16. Nd5 Nd7 17. Ndc3 g5 1/2-1/2